| 000 | 00444nam a2200193Ia 4500 | ||
|---|---|---|---|
| 005 | 20250603145316.0 | ||
| 008 | 250603s9999 xx 000 0 und d | ||
| 020 | _a9780534563998 | ||
| 050 | _aP 96 .M36/ | ||
| 100 | _aAlbrarran, Alan B. | ||
| 245 | 0 | _aManagement of electronic media | |
| 250 | _a3rd ed. | ||
| 260 | _aBelmont | ||
| 260 | _bThomson Wadsworth | ||
| 260 | _c2006 | ||
| 300 | _a333 p | ||
| 650 | _aBelmont | ||
| 942 | _cBK | ||
| 999 |
_c41479 _d41479 |
||